Statistiken für Dienstgrade der Landespolizei NRW

Klicken Sie hier um das Quiz zu spielen!

Allgemein

  • Dieses Quiz wurde 23 mal gespielt
  • Das Durchschnittsergebnis liegt bei 7 aus 10

Antwortstatistiken

HintAntwort% Korrekt
Gehobener DienstPolizeikommissar
82%
Gehobener DienstPolizeioberkommissar
82%
Höherer DienstPolizeirat
82%
Höherer DienstPolizeidirektor
76%
Gehobener DienstPolizeihauptkommissar
76%
Gehobener DienstPolizeihauptkommissar
76%
Höherer DienstPolizeioberrat
71%
Gehobener DienstErster Polizeihauptkommissar
59%
Gehobener DienstKommissaranwärter
59%
Höherer DienstLeitender Polizeidirektor
53%

Verteilung der Resultate

Perzentil nach korrekt beantworteten Fragen

Anzahl Personen mit jedem Resultat

Ihre Resultats-Entwicklung

Sie haben dieses Quiz noch nicht gespielt